Panel / (Record no. 354129)

000 -LEADER
fixed length control field 02523cam a2200349Ma 4500
001 - CONTROL NUMBER
control field 11231272
003 - CONTROL NUMBER IDENTIFIER
control field OSt
005 - DATE AND TIME OF LATEST TRANSACTION
control field 20180116192431.0
008 - FIXED-LENGTH DATA ELEMENTS--GENERAL INFORMATION
fixed length control field 140927s2014 enka c 000 0 eng d
020 ## - INTERNATIONAL STANDARD BOOK NUMBER
International Standard Book Number 190789649X
020 ## - INTERNATIONAL STANDARD BOOK NUMBER
International Standard Book Number 9781907896491
024 ## - OTHER STANDARD IDENTIFIER
Standard number or code 99961733602
035 ## - SYSTEM CONTROL NUMBER
System control number (OCoLC)891414836
Canceled/invalid control number (OCoLC)864411117
035 ## - SYSTEM CONTROL NUMBER
System control number (OCoLC)ocn891414836
035 ## - SYSTEM CONTROL NUMBER
System control number (NNC)11231272
040 ## - CATALOGING SOURCE
Original cataloging agency LND
Language of cataloging eng
Transcribing agency LND
Modifying agency OCLCO
-- EYM
-- YDXCP
-- UKMGB
050 #4 - LIBRARY OF CONGRESS CALL NUMBER
Classification number NA680
Item number .A46 2014
082 04 - DEWEY DECIMAL CLASSIFICATION NUMBER
Classification number 724.6
Edition number 23
100 1# - MAIN ENTRY--PERSONAL NAME
Personal name Alonso, Pedro Ignacio.
9 (RLIN) 8308
245 10 - TITLE STATEMENT
Title Panel /
Statement of responsibility, etc. Pedro Ignacio Alonso and Hugh Palmarola.
260 ## - PUBLICATION, DISTRIBUTION, ETC.
Place of publication, distribution, etc. London :
Name of publisher, distributor, etc. Architectural Association,
Date of publication, distribution, etc. 2014.
300 ## - PHYSICAL DESCRIPTION
Extent 261 p. :
Other physical details ill. (some col.) ;
Dimensions 28 cm
500 ## - GENERAL NOTE
General note Published on the occasion of the exhibition "Panel", held at the Architectural Association, London, 16 May - 13 June 2014.
520 ## - SUMMARY, ETC.
Summary, etc. "Although largely marginal within official accounts of modern architecture, during the second half of the twentieth century the development of large concrete panel systems was central to debates about architecture's modernisation and industrialisation. Through this development, not only was construction transferred from the building site to the factory floor, and manual labour succeeded by automated mass production, but political, aesthetic and ideological debates began to inscribe themselves onto the panel itself, a symbol for a whole new set of architectural values. Distributed and adapted to many different cultural, geographical and political contexts, these systems went beyond national borders in producing more than 170 million apartments worldwide. This book focuses on a particular aspect of this history, namely those systems exported from Soviet Russia into Cuba and then on to Chile in the 1960s and 1970s. Written from the point of view of the worker as much as the architect, and containing an incredible visual panoply of archival photographs, stills, cartoons, sketches and drawings, as well as oral histories from its surviving protagonists, the book offers a fascinating portrait of an architectural and political history whose symbolic and physical register all along is a concrete panel." -- Provided by publisher.
650 #0 - SUBJECT ADDED ENTRY--TOPICAL TERM
Topical term or geographic name entry element Concrete panels
Form subdivision Exhibitions.
9 (RLIN) 8309
650 #0 - SUBJECT ADDED ENTRY--TOPICAL TERM
Topical term or geographic name entry element Architecture, Modern
Chronological subdivision 20th century
Form subdivision Exhibitions.
9 (RLIN) 8310
700 1# - ADDED ENTRY--PERSONAL NAME
Personal name Palmarola, Hugh.
9 (RLIN) 8307
710 2# - ADDED ENTRY--CORPORATE NAME
Corporate name or jurisdiction name as entry element Architectural Association (Great Britain)
9 (RLIN) 8306
942 ## - ADDED ENTRY ELEMENTS (KOHA)
Source of classification or shelving scheme
Koha item type Book
948 1# - LOCAL PROCESSING INFORMATION (OCLC); SERIES PART DESIGNATOR (RLIN)
Series part designator, SPT (RLIN) 20150320
b (OCLC) c
c (OCLC) pg2032
d (OCLC) MPS
Holdings
Withdrawn status Lost status Source of classification or shelving scheme Damaged status Not for loan Permanent Location Current Location Date acquired Total Checkouts Full call number Barcode Date last seen Cost, replacement price Price effective from Koha item type
          School of Art Design and Architecture (SADA) School of Art Design and Architecture (SADA) 04/04/2016   724.6 ALO 2014 SADA0002533 01/05/2017 5249.16 01/05/2017 Book
© 2023 Central Library, National University of Sciences and Technology. All Rights Reserved.